00806nam a22001337a 450000500170000002000180001708200150003510000230005024500850007326000400015830000170019852004260021565000310064120260701101303.0 a9780771019357 a305.897ROB aDavid A. Robertson a52 Ways to ReconcilebHow to Walk with Indigenous Peoples on the Path to Healing aTorontobPenguin Random Housec2025 a272p.b24 cm a52 Ways to Reconcile is an accessible, friendly guide for non-Indigenous people eager to learn, or Indigenous people eager to do more in our collective effort towards reconciliation, as people, and as a country. As much as non-Indigenous people want to walk the path of reconciliation, they often aren’t quite sure what to do, and they’re afraid of making mistakes. This book is the answer and the long overdue guide. aIndigenous peoples-Canada.